| 000 | 00915nam a22002774i 4500 | ||
|---|---|---|---|
| 999 |
_c7649 _d7649 |
||
| 001 | 991060026699606706 | ||
| 003 | OSt | ||
| 005 | 20220222161945.0 | ||
| 008 | 220104e202201 spc - 000 0 cat|c | ||
| 017 |
_aDL B. 19.717-2021 _bBiblioteca de Catalunya |
||
| 020 | _a9788429779950 | ||
| 040 |
_aES-BaBAB _bcat _erda _cCDMR |
||
| 100 | 1 |
_aFoix, J.V. _d1893-1987 _9899 |
|
| 245 | 1 | 0 |
_aAllò que no diu La Vanguardia / _cJ.V. Foix ; edició de Jordi Cornudella |
| 264 | 1 |
_aBarcelona : _bEdicions 62, _c2021 |
|
| 300 |
_a118 pàgines ; _c22 cm |
||
| 337 |
_asense mediació _bn _2rdamedia |
||
| 490 | 1 |
_aLlibres a l'abast ; _v468 |
|
| 500 | _aA portada: Amb un suplement de telegrames i un altre de fet diversos | ||
| 650 | 0 |
_93727 _aPeriodistes catalans _vRecull d'escrits |
|
| 700 | 1 | _aCornudella, Jordi, | |
| 830 | 0 |
_aLlibres a l'abast ; _v468 |
|
| 908 |
_aBAB _aBMON _aCLR |
||
| 940 | _aBAB | ||
| 942 |
_2udc _cMON |
||